Online
Catalog

Puerto Plata...causas de la crisis del turismo (1990 - 2008 / (Record no. 51152)

MARC details
000 -CABECERA
campo de control de longitud fija 00957nam a2200265 a 4500
003 - IDENTIFICADOR DEL NÚMERO DE CONTROL
campo de control DO-SdBNP
005 - FECHA Y HORA DE LA ÚLTIMA TRANSACCIÓN
campo de control 20220114093355.0
007 - CAMPO FIJO DE DESCRIPCIÓN FÍSICA--INFORMACIÓN GENERAL
campo de control de longitud fija ta
008 - DATOS DE LONGITUD FIJA--INFORMACIÓN GENERAL
campo de control de longitud fija 220103e2009 dr ao||gr|||| 001 e spa d
020 ## - NÚMERO INTERNACIONAL ESTÁNDAR DEL LIBRO
Número Internacional Estándar del Libro 9789945140460
040 ## - FUENTE DE LA CATALOGACIÓN
Centro catalogador/agencia de origen DO-SdBNP
Lengua de catalogación spa
Centro/agencia transcriptor BNPHU
082 #4 - NÚMERO DE LA CLASIFICACIÓN DECIMAL DEWEY
Número de edición 22
Número de documento/Ítem C172p
100 1# - ENTRADA PRINCIPAL--NOMBRE DE PERSONA
9 (RLIN) 56691
Nombre de persona Camarena, Germán
245 10 - MENCIÓN DE TÍTULO
Título Puerto Plata...causas de la crisis del turismo (1990 - 2008 /
Mención de responsabilidad, etc. Germán Camarena; Fotografía, Ramón Grullón, Prólogo, Vittorio Bedin
260 ## - PUBLICACIÓN, DISTRIBUCIÓN, ETC.
Lugar de publicación, distribución, etc. Santo Domingo :
Nombre del editor, distribuidor, etc. Corripio,
Fecha de publicación, distribución, etc. 2009
300 ## - DESCRIPCIÓN FÍSICA
Extensión 196 p. :
Otras características físicas il, fotogr. ;
Dimensiones 22 cm.
500 ## - NOTA GENERAL
Nota general Incluye datos biográficos del autor en la contracubierta.
504 ## - NOTA DE BIBLIOGRAFÍA, ETC.
Nota de bibliografía, etc. Bibliografía: p.195 - 196
590 ## - NOTA LOCAL (RLIN)
Nota local Inventariado 2021 / MF
650 #0 - PUNTO DE ACCESO ADICIONAL DE MATERIA--TÉRMINO DE MATERIA
9 (RLIN) 8529
Término de materia o nombre geográfico como elemento de entrada Turismo
Subdivisión general Aspectos Económicos
Subdivisión geográfica Puerto Plata (República Dominicana)
700 1# - PUNTO DE ACCESO ADICIONAL--NOMBRE DE PERSONA
Nombre de persona Bedin, Vittorio
Término indicativo de función/relación prólogo
9 (RLIN) 80934
700 1# - PUNTO DE ACCESO ADICIONAL--NOMBRE DE PERSONA
9 (RLIN) 58681
Nombre de persona Grullón, Ramón,
Término indicativo de función/relación fotografía
910 ## - DATOS DE OPCIÓN DEL USUARIO (OCLC)
Datos de opción del usuario MFéliz
942 ## - ELEMENTOS DE PUNTO DE ACCESO ADICIONAL (KOHA)
Fuente del sistema de clasificación o colocación Dewey Decimal Classification
Tipo de ítem Koha Libro
Holdings
Estado de retiro Estado de pérdida Fuente del sistema de clasificación o colocación Restricciones de uso No para préstamo Código de colección Localización permanente Ubicación/localización actual Ubicación en estantería Fecha de adquisición Fuente de adquisición Total de préstamos Signatura topográfica completa Código de barras Fecha visto por última vez Precio válido a partir de Tipo de ítem Koha
    Dewey Decimal Classification Excluido de préstamo   Patrimonio Dominicano Biblioteca Nacional Pedro Henríquez Ureña Patrimonio Dominicano Depósito 30.11.2017 Donado por Dr. Luciano MP   C172p 2022-0048 03.01.2022 03.01.2022 Libro y Folleto Colección Patrimonio Dominicano

Powered by Koha